000 00414nam a22001697a 4500
005 20180227165925.0
008 160530b xxu||||| |||| 00| 0 eng d
020 _a81-203-2209-6
041 _aeng
082 _b6062
_a331.1
100 _aAllen, Kathleen R.
_91529
245 _aBringing New Technology to Market
260 _aNew Delhi
_bPHI,
_c2002
300 _a354
650 _aManagement
_9241
942 _cBK
999 _c2157
_d2156